000 00387nam a2200133Ia 4500
008 211122s9999||||xx |||||||||||||| ||und||
082 _a894.8123
_bMUK-O
100 _aMukundan, M
245 0 _aOn The Banks Of The Mayyazhi
260 _bD c Books
_aKottayam
630 _xGeneral Stack
650 _aMalayalam Literature
_vMalayalam FictionMalayalam NovelsShort Stories
942 _cBOOK
999 _c125475
_d125475